La Ciutat il·luminada / Jordi Guardans ; pròleg d'Anna M. Moix
Descripción Física:
65 p. ; 18 cm
Colección:
Biblioteca teatral ; 68
Otros Autores:
Moix, Ana María, 1947-2014
MARC
| LEADER | 00000nam a2200000Ia 4500 | ||
|---|---|---|---|
| 001 | 8759 | ||
| 008 | 160829s1989 xx 000 0 cat d | ||
| 080 | |a L-1-253 | ||
| 100 | |a Guardans, Jordi |9 24913 | ||
| 245 | |a La Ciutat il·luminada / Jordi Guardans ; pròleg d'Anna M. Moix | ||
| 260 | |a Barcelona : |b Institut del Teatre de la Diputació Provincial de Barcelona, |c 1989 | ||
| 300 | |a 65 p. ; |c 18 cm | ||
| 490 | |a Biblioteca teatral ; 68 | ||
| 700 | |a Moix, Ana María, |d 1947-2014 |9 34527 | ||
| 710 | 1 | |a Institut del Teatre (Barcelona, Catalunya) |9 52662 | |
| 901 | |a Arxiu | ||
| 942 | |n 1 | ||
| 952 | |0 0 |1 0 |4 0 |6 L1253 |7 1 |9 43374 |a Arxiu |b Arxiu |d 2016-12-01 |l 0 |o L-1-253 |p 8759 |r 2016-12-01 00:00:00 |w 2016-12-01 |y ARXIU | ||
| 999 | |c 45919 |d 45919 | ||